000 00347nam a2200145Ia 4500
008 230917s9999||||xx |||||||||||||| ||und||
040 _e57987
_aMAIN
041 _aEnglish
082 _a822.33 S15M
100 _aShakespeare, William
245 0 _aMerchant of Venice
260 _aLondon
_bMethuen
_c1961
300 _alviii, 174 p.
942 _cBK
999 _c45936
_d45936